Job : (Record no. 9670)

MARC details
000 -LEADER
fixed length control field 01186cam a2200325 i 4500
001 - CONTROL NUMBER
control field 17750887
003 - CONTROL NUMBER IDENTIFIER
control field GBCCL
005 - DATE AND TIME OF LATEST TRANSACTION
control field 20241126110716.0
008 - FIXED-LENGTH DATA ELEMENTS--GENERAL INFORMATION
fixed length control field 130523s2014 ilu b 001 0 eng
010 ## -
-- 2013014987
020 ## - INTERNATIONAL STANDARD BOOK NUMBER
International Standard Book Number 9781433513121 (hc)
040 ## - CATALOGING SOURCE
Original cataloging agency DLC
Language of cataloging eng
Description conventions rda
Transcribing agency DLC
Modifying agency DLC
042 ## -
-- pcc
050 00 -
-- BS1415.53
-- .A84 2014
082 00 - DEWEY DECIMAL CLASSIFICATION NUMBER
Classification number 220.7
-- 223.107
Edition information 23
Item number PRE
100 1# - MAIN ENTRY--PERSONAL NAME
Personal name Ash, Christopher,
Dates associated with a name 1953-
9 (RLIN) 16814
245 10 - TITLE STATEMENT
Title Job :
Remainder of title the wisdom of the cross /
Statement of responsibility, etc. Christopher Ash ; R. Kent Hughes, series editor.
264 #1 - PRODUCTION, PUBLICATION, DISTRIBUTION, MANUFACTURE, AND COPYRIGHT NOTICE
Place of production, publication, distribution, manufacture Wheaton :
Name of producer, publisher, distributor, manufacturer Crossway,
Date of production, publication, distribution, manufacture, or copyright notice [2014]
300 ## - PHYSICAL DESCRIPTION
Extent 489 pages ;
Dimensions 24 cm.
336 ## - CONTENT TYPE
Content type term text
Content type code txt
Source rdacontent
337 ## - MEDIA TYPE
Media type term unmediated
Media type code n
Source rdamedia
338 ## - CARRIER TYPE
Carrier type term volume
Carrier type code nc
Source rdacarrier
490 0# - SERIES STATEMENT
Series statement Preaching the word
504 ## - BIBLIOGRAPHY, ETC. NOTE
Bibliography, etc. note Includes bibliographical references and indexes.
630 00 - SUBJECT ADDED ENTRY--UNIFORM TITLE
Uniform title Bible.
Name of part/section of a work Job
Form subdivision Commentaries.
9 (RLIN) 10172
776 08 - ADDITIONAL PHYSICAL FORM ENTRY
Relationship information Online version:
Main entry heading Ash, Christopher, 1953-
Title Job
Place, publisher, and date of publication Wheaton : Crossway, 2014
International Standard Book Number 9781433513138
Record control number (DLC) 2013021331
906 ## - LOCAL DATA ELEMENT F, LDF (RLIN)
a 7
b cbc
c orignew
d 1
e ecip
f 20
g y-gencatlg
942 ## - ADDED ENTRY ELEMENTS (KOHA)
Source of classification or shelving scheme Dewey Decimal Classification
Koha item type Reference Books
Holdings
Withdrawn status Lost status Source of classification or shelving scheme Damaged status Not for loan Home library Current Library Shelving location Date acquired Total checkouts Full call number Barcode Date last seen Copy number Price effective from Koha item type
    Dewey Decimal Classification     GRACE BIBLE COLLEGE GRACE BIBLE COLLEGE Commentary 2023-04-19   220.7 PRE 016230 2025-05-01 v.11 2023-04-19 Reference Books
© Grace Bible College Library 2025